00744nam a2200169 a 4500003000200000005001700002008004100019050003300060100001900093245013200112260009000244300004800334504004100382650006200423650004700485650004200532020250217151239.0110621s19uu xx 00 eng d aPHS TP 248.27.A53b.H86 2011 aHuang, Claire. aA comparative study on the ethanol produced using banana (Musa acuminata) and orange (Citrus sinesis) peelings /cClaire Huang. aLas Piñas City, Philippines :bSouthville International School and Colleges,c2011. a31 pages :bcolored illustrations ;c28 cm. aIncludes bibliographical references. aEthanolxBanana (Musa acuminata)xOrange (Citrus sinesis) aBiofuelsxAgricultural wastevUtilization. aRenewable energyxEthanol production.